Scissors /

Bibliographic Details
Main Author: Yew, Chay
Format: eBook
Language:English
Published: Alexandria, VA : Alexander Street Press, 2008.
Edition:[1st electronic ed.].
Series:Twentieth century North American drama.
Subjects:
Online Access:Connect to the full text of this electronic book

MARC

Tag First Indicator Second Indicator Subfields
LEADER 00000cam a22000003i 4500
001 in00002513541
005 20190327174124.0
006 m||||||||d| ||||||
007 cr |n||||||||a
008 080405s2008 vau|||||s|||||||||||eng|d
035 |a (VaAlASP)ASPPL0007156/nadr 
040 |a VaAlASP  |d UtOrBLW 
100 1 |a Yew, Chay. 
245 1 0 |a Scissors /  |c by Chay Yew. 
250 |a [1st electronic ed.]. 
264 1 |a Alexandria, VA :  |b Alexander Street Press,  |c 2008. 
336 |a text  |b txt  |2 rdacontent 
337 |a computer  |b c  |2 rdamedia 
338 |a online resource  |b cr  |2 rdacarrier 
490 1 |a Twentieth century North American drama 
500 |a Title from HTML title page (viewed Jun. 4, 2008). 
506 |a Access restricted to subscribers. 
538 |a Mode of access: World Wide Web. 
500 |a Electronic resource. 
655 0 |a Electronic books. 
655 7 |a Drama.  |2 lcgft 
830 0 |a Twentieth century North American drama. 
856 4 0 |z Connect to the full text of this electronic book  |u http://proxy.library.tamu.edu/login?url=http://www.aspresolver.com/aspresolver.asp?NADR;PL007156  |t 0 
999 |a MARS 
999 f f |s 57c36ec5-5f79-39ad-accc-56f1cb289c2d  |i 25618b15-5d64-304d-86ee-d49ea40d4848  |t 0 
952 f f |a Texas A&M University  |b College Station  |c Electronic Resources  |d Available Online  |t 0  |h No information provided 
998 f f |t 0  |l Available Online